| 000 | 01134cam a22003497a 4500 | ||
|---|---|---|---|
| 001 | 18033583 | ||
| 003 | ARRUPE | ||
| 005 | 20221125093645.0 | ||
| 008 | 140206s2014 enka b 001 0 eng d | ||
| 010 | _a 2013444486 | ||
| 015 |
_aGBB375863 _2bnb |
||
| 016 | 7 |
_a016482031 _2Uk |
|
| 020 | _a9780080982045 (hbk.) | ||
| 020 | _a0080982042 (hbk.) | ||
| 028 | _bArrupe | ||
| 035 | _a(OCoLC)ocn857524150 | ||
| 040 |
_aUKMGB _beng _cUKMGB _dOCLCO _dYDXCP _dUOH _dDLC |
||
| 042 | _alccopycat | ||
| 050 | 0 | 0 |
_aTN690 _b.S56 2014 |
| 082 | 0 | 4 |
_a669.9 _223 |
| 100 | 1 |
_aSmallman, R. E., _eauthor. _951895 |
|
| 245 | 1 | 0 |
_aModern physical metallurgy / _cR.E. Smallman, A.H.W. Ngan. |
| 250 | _a8th edition. | ||
| 260 |
_aOxford ; _aWaltham, MA : _bElsevier/Butterworth-Heinemann, _c2014. |
||
| 300 |
_axxi, 697 p. : _bill. ; _c25 cm. |
||
| 504 | _aIncludes bibliographical references and index. | ||
| 650 | 0 |
_aPhysical metallurgy. _951896 |
|
| 700 | 1 |
_aNgan, A. H. W., _eauthor. _951897 |
|
| 906 |
_a7 _bcbc _ccopycat _d2 _encip _f20 _gy-gencatlg |
||
| 942 |
_2lcc _cMONOGRAPH |
||
| 999 |
_c131555 _d131555 |
||